Civilisation IV Leaders - Statistics

General Stats
  • This quiz has been taken 31 times
  • The average score is 27 of 52
Answer Stats
Civilisation Leader % Correct
England Elizabeth I
92%
America Franklin Roosevelt
92%
America George Washington
88%
America Abraham Lincoln
85%
Aztec Montezuma
85%
England Victoria
85%
Mongolia Genghis Khan
81%
Rome Julius Caesar
77%
France Napoleon
77%
Greece Alexander the Great
73%
India Gandhi
73%
Arabia Saladin
73%
Russia Catherine the Great
69%
Carthage Hannibal
69%
Germany Bismark
65%
France Louis XIV
65%
Netherlands Willem van Oranje
65%
France Charles De Gaulle
62%
Spain Isabella
62%
Mongolia Kublai Khan
62%
Mali Mansa Musa
62%
China Mao Zedong
62%
Russia Peter the Great
62%
Celts Boudica
58%
Holy Roman Empire Charlemagne
58%
Germany Frederick the Great
58%
Zulu Shaka
58%
Ottoman Empire Suleiman the Magnificent
58%
England Winston Churchill
58%
Byzantium Justinian I
54%
China Qin Shi Huang
54%
Babylon Hammurabi
50%
Russia Joseph Stalin
46%
Greece Pericles
42%
Japan Tokugawa
42%
Persia Cyrus the Great
38%
Persia Darius I
38%
Native America Sitting Bull
38%
Vikings Ragnar
35%
India Asoka
31%
Sumeria Gilgamesh
31%
Celts Brennus
27%
Egypt Ramesses II
27%
Rome Augustus Caesar
19%
Ottoman Empire Mehmed II
15%
Ethiopia Zara Yaqob
15%
Inca Huayna Capac
12%
Portugal Joao II
12%
Korea Wang Kon
12%
Egypt Hatshepshut
8%
Khmer Suryavarman II
8%
Maya Pacal II
4%
No matching quizzes found
Score Distribution
Percent of People with Each Score
Percentile by Number Answered
Your Score History
You have not taken this quiz